Cataloguing rules : (Record no. 7935)
[ view plain ]
| 000 -LEADER | |
|---|---|
| fixed length control field | 01187cam a22003012 4500 |
| 001 - CONTROL NUMBER | |
| JCCL Control Number | 7935 |
| 003 - CONTROL NUMBER IDENTIFIER | |
| JCCL marc code | BD - JhCC |
| 005 - DATE AND TIME OF LATEST TRANSACTION | |
| control field | 20180215134715.0 |
| 008 - FIXED-LENGTH DATA ELEMENTS--GENERAL INFORMATION | |
| fixed length control field | 781025s1957 enkh 000 0 eng |
| 035 ## - SYSTEM CONTROL NUMBER | |
| system control number | OCLC ocm04319753 from D961007M |
| -- | (BD - JhCC)7935 |
| 040 ## - CATALOGING SOURCE | |
| Original cataloging agency | DLC |
| Transcribing agency | LUU |
| Modifying agency | OCL |
| -- | EQO |
| -- | BD - JhCC |
| 041 ## - LANGUAGE CODE | |
| Language code of Book | eng |
| 050 0# - LIBRARY OF CONGRESS CALL NUMBER | |
| Classification number | Z695 |
| Item number | .S245 1957 |
| 082 ## - DEWEY DECIMAL CLASSIFICATION NUMBER | |
| Classification number | 025.3 |
| Author mark and Year | SAU 1957 |
| 100 1# - MAIN ENTRY--PERSONAL NAME | |
| Personal name | Saunders, W. L. |
| Fuller form of name | (Wilfred Leonard), |
| Dates associated with a name | 1920-2007 |
| 245 10 - TITLE STATEMENT | |
| Title | Cataloguing rules : |
| Remainder of title | author and title entries for the use of school librarians / |
| Statement of responsibility, etc | compiled for the School Library Association by W. L. Saunders [and] Norman Furlong. |
| 260 ## - PUBLICATION, DISTRIBUTION, ETC. (IMPRINT) | |
| Place of publication, distribution, etc | [London] : |
| Name of publisher, distributor, etc | School Library Association, |
| Date of publication, distribution, etc | 1957. |
| 300 ## - PHYSICAL DESCRIPTION | |
| Pagination | 8 p. |
| Other physical details | facsims. |
| Dimensions | 25 cm. |
| 500 ## - GENERAL NOTE | |
| General note | Cover title. |
| 500 ## - GENERAL NOTE | |
| General note | "An amended and simplified version of Library Asociation and American Library Association Cataloguing rules: author and title entries, Library Association, 1908, reprinted 1955." |
| 500 ## - GENERAL NOTE | |
| General note | Corrigenda slip mounted on p. [3] of cover. |
| 504 ## - BIBLIOGRAPHY, ETC. NOTE | |
| Bibliography, etc | Bibliography: p. 6. |
| 650 #0 - SUBJECT ADDED ENTRY--TOPICAL TERM | |
| Topical term or geographic name as entry element | Cataloging. |
| 700 1# - ADDED ENTRY--PERSONAL NAME | |
| Personal name | Furlong, Norman. |
| 710 2# - ADDED ENTRY--CORPORATE NAME | |
| Corporate name or jurisdiction name as entry element | School Library Association. |
| 942 ## - ADDED ENTRY ELEMENTS (KOHA) | |
| Source of classification or shelving scheme | Dewey Decimal Classification |
| Koha item type | Books |
| Source of classification or shelving scheme | Damaged status | Not for loan | Home library | Current library | Shelving location | Total Checkouts | Full call number | Barcode | Date last seen | Copy number | Koha item type |
|---|---|---|---|---|---|---|---|---|---|---|---|
| Dewey Decimal Classification | JCC Rouf Library | JCC Rouf Library | General Stacks | 025.3 SAU 1957 | 10427 | 02/15/2018 | C - 1 | Books |